It looks like you're offline.
Open Library logo
additional options menu

MARC Record from Library of Congress

Record ID marc_loc_2016/BooksAll.2016.part11.utf8:75265227:709
Source Library of Congress
Download Link /show-records/marc_loc_2016/BooksAll.2016.part11.utf8:75265227:709?format=raw

LEADER: 00709cam a2200229 i 4500
001 78073860
003 DLC
005 19940406131249.0
008 790917s1979 nyuaf 00010beng
010 $a 78073860 //r94
020 $a0877952124 :$c$11.95
040 $aDLC$cDLC$dDLC
043 $ae-uk---
050 00 $aDA591.A33$bH4 1979
082 00 $a941.085/092/4$aB
100 10 $aHeald, Tim.
245 10 $aH. R. H., the man who will be king /$cby Tim Heald and Mayo Mohs.
260 0 $aNew York :$bArbor House,$cc1979.
300 $a229 p., [24] leaves of plates :$bill. ;$c24 cm.
600 00 $aCharles,$cPrince of Wales,$d1948-
650 0 $aPrinces$zGreat Britain$xBiography.
700 10 $aMohs, Mayo,$ejoint author.